000 01774nam a2200241Ia 4500
008 260220t1981||||xx |||||||||||||| ||spa||
040 _aPY-SlUNAC
_bspa
_erda
041 _aspa
082 _a620.112
_bB794i
100 _aBrostow, Witold
_eAutor
245 0 _aIntroducción a la ciencia de los materiales /
_cpor Witold Brostow [Autor]
264 _aCiudad de México :
_bLimusa,
_c℗1981.
300 _a1 volumen
520 _aEn "Introducción a la ciencia de los materiales", Witold Brostow ofrece una visión integral sobre las propiedades, estructuras y aplicaciones de diversos materiales, abarcando desde metales y cerámicas hasta polímeros y compuestos. El autor destaca la interrelación entre la estructura atómica y las características macroscópicas, enfatizando la importancia de la comprensión de estos principios para el desarrollo de nuevos materiales. A lo largo del texto, se presentan conceptos fundamentales como la elasticidad, la plasticidad, la conductividad y la resistencia, ilustrados con ejemplos prácticos y estudios de caso que facilitan la comprensión de los temas tratados. Brostow también aborda las técnicas modernas de caracterización de materiales, así como las tendencias actuales en la investigación y desarrollo en este campo. Con un enfoque didáctico, el libro se convierte en una herramienta valiosa para estudiantes e investigadores que buscan profundizar en la ciencia de los materiales y su impacto en la tecnología y la industria.
653 _aCiencia de los materiales
653 _aIngeniería de materiales
653 _aMateriales
942 _b2026/02/17
_cBK
999 _c8532
_d8532